[Event "XV C.to Mondiale ICSC a squadre"]
[Site "Nyiregyhaza HUN"]
[Date "2006.09.12"]
[Round "6.2"]
[White "Bokros, Istvan"]
[Black "Zandonella, Remo"]
[Result "1-0"]
[WhiteElo "2164"]
[BlackElo "1605"]
[Annotator "ITA-HUN"]
[PlyCount "109"]
[EventDate "2006.09.09"]

1. e4 c5 2. Nf3 Nc6 3. d4 cxd4 4. Nxd4 e6 5. Nc3 a6 6. a3 Be7 7. Be3 Nf6 8. f4
O-O 9. e5 Nd5 10. Nxd5 exd5 11. Bd3 d6 12. exd6 Bxd6 13. O-O Re8 14. Qf3 Ne7
15. f5 Be5 16. Qh5 Nc6 17. Nf3 Bf6 18. Rae1 Ne5 19. Nxe5 Bxe5 20. c3 Bf6 21.
Rf3 Bd7 22. Ref1 Bb5 23. Bxb5 axb5 24. Rh3 h6 25. Kh1 Bg5 26. Bxg5 Qxg5 27.
Qxg5 hxg5 28. Rd3 Re5 29. Rd2 f6 30. g4 Rd8 31. Kg2 Re4 32. b3 Kf7 33. Rfd1 Re5
34. Kf3 Ke7 35. Rd4 Rd6 36. Rb4 Kd7 37. Rxb5 Kc6 38. a4 Re4 39. Rd4 Rf4+ 40.
Rxf4 gxf4 41. Rb4 b6 42. Rxf4 Kc5 43. b4+ Kc6 44. h4 b5 45. a5 Kd7 46. Rd4 Kc6
47. g5 Rd8 48. gxf6 gxf6 49. Rg4 Kd6 50. h5 Ke5 51. h6 Kxf5 52. h7 Rh8 53. Rg7
Rc8 54. Rg8 Rxc3+ 55. Ke2 1-0

[Event "XV C.to Mondiale ICSC a squadre"]
[Site "Nyiregyhaza HUN"]
[Date "2006.09.12"]
[Round "6.3"]
[White "Pasquotto, Mirko"]
[Black "Mate, Balazs"]
[Result "0-1"]
[WhiteElo "1939"]
[BlackElo "2167"]
[Annotator "ITA-HUN"]
[PlyCount "80"]
[EventDate "2006.09.09"]

1. e4 c5 2. Nf3 d6 3. d4 cxd4 4. Nxd4 Nf6 5. Nc3 a6 6. Be3 e5 7. Nb3 Be7 8. f3
Be6 9. Qd2 Nbd7 10. g4 h6 11. O-O-O Nb6 12. h4 Nfd7 13. Nd5 Bxd5 14. exd5 Qc7
15. Qa5 Rc8 16. Bd3 Nc4 17. Qxc7 Rxc7 18. Bxc4 Rxc4 19. Kb1 Bd8 20. Nd2 Rc8 21.
Ne4 Be7 22. g5 h5 23. f4 f5 24. Ng3 g6 25. fxe5 dxe5 26. Bc1 Bd6 27. b3 b5 28.
Bb2 O-O 29. Rhf1 b4 30. Ne2 Rc5 31. c4 bxc3 32. Bxc3 Rcc8 33. Ba5 Rb8 34. Rc1
Rfc8 35. Rc6 Rxc6 36. dxc6 Nb6 37. Rd1 Nc8 38. Nc3 e4 39. Nd5 Rb5 40. Nf6+
40... Kf7 $138 0-1

[Event "XV C.to Mondiale ICSC a squadre"]
[Site "Nyiregyhaza HUN"]
[Date "2006.09.12"]
[Round "6.4"]
[White "Raibl, Zoltan"]
[Black "Grudina, Marco"]
[Result "1-0"]
[WhiteElo "2033"]
[BlackElo "1802"]
[Annotator "ITA-HUN"]
[PlyCount "73"]
[EventDate "2006.09.09"]

1. d4 d5 2. Nf3 Nf6 3. c4 c6 4. cxd5 cxd5 5. Nc3 Nc6 6. Bf4 Bf5 7. e3 a6 8. Rc1
e6 9. Qb3 Bb4 10. Be2 O-O 11. O-O Bxc3 12. bxc3 b5 13. a4 Na5 14. Qb4 Nc6 15.
Qc5 Na7 16. axb5 Ne4 17. Qb4 a5 18. Qb2 Qb6 19. Ne5 Rfd8 20. f3 Nd6 21. e4 dxe4
22. c4 Qb7 23. g4 exf3 24. Bxf3 Be4 25. Qg2 Bxf3 26. Qxf3 Qxf3 27. Rxf3 f6 28.
Nc6 Nxc6 29. bxc6 Rac8 30. d5 exd5 31. cxd5 Nb5 32. Rd3 a4 33. d6 a3 34. d7 Ra8
35. c7 Nxc7 36. Bxc7 a2 37. Ra1 1-0

[Event "XV C.to Mondiale ICSC a squadre"]
[Site "Nyiregyhaza HUN"]
[Date "2006.09.13"]
[Round "7.1"]
[White "Georgiev, Veselin"]
[Black "Deancovich, Patrizio"]
[Result "1-0"]
[WhiteElo "2327"]
[BlackElo "1461"]
[Annotator "ITA-BUL"]
[PlyCount "49"]
[EventDate "2006.09.09"]

1. e4 d5 2. exd5 Qxd5 3. Nc3 Qa5 4. d4 c6 5. Bc4 e6 6. Nf3 Nf6 7. Bd2 Bb4 8.
O-O Qc7 9. Nb5 cxb5 10. Bxb5+ Bd7 11. Bxd7+ Nbxd7 12. Bxb4 Rc8 13. Rc1 b5 14.
c3 Rb8 15. a4 a5 16. Ba3 Qb6 17. axb5 Qxb5 18. c4 Qa6 19. Ra1 h5 20. d5 Nf8 21.
Qa4+ N6d7 22. Ne5 Qb7 23. Rad1 Rd8 24. c5 exd5 25. c6 1-0

[Event "C.to Europeo U18 femminile"]
[Site "Herceg Novi MNE"]
[Date "2006.09.11"]
[Round "2"]
[White "Kruljac, Petra"]
[Black "Di Cerbo, Giulia"]
[Result "1/2-1/2"]
[WhiteElo "2073"]
[BlackElo "1914"]
[PlyCount "49"]
[EventDate "2006.09.10"]

1. d4 d5 2. c4 c6 3. e3 Nf6 4. Nc3 e6 5. Qc2 Bd6 6. Nf3 Nbd7 7. Bd2 O-O 8.
O-O-O Qe7 9. h3 dxc4 10. Bxc4 e5 11. Bd3 Re8 12. Ng5 Nf8 13. Nce4 Nxe4 14. Nxe4
Bc7 15. dxe5 Bxe5 16. Kb1 Bf5 17. Nc5 Bxd3 18. Nxd3 Bf6 19. Bb4 Qc7 20. Bxf8
Rxf8 21. Rd2 Rfd8 22. Rhd1 Qb6 23. Qc5 Qc7 24. Nf4 Qe7 25. Qc2 1/2-1/2

[Event "C.to Europeo U18 femminile"]
[Site "Herceg Novi MNE"]
[Date "2006.09.12"]
[Round "3"]
[White "Di Cerbo, Giulia"]
[Black "Steil-Antoni, Fiona"]
[Result "1/2-1/2"]
[WhiteElo "1914"]
[BlackElo "2031"]
[PlyCount "87"]
[EventDate "2006.09.10"]

1. d4 d5 2. Nf3 Nf6 3. Bf4 Bf5 4. e3 e6 5. c3 c6 6. Bd3 Bxd3 7. Qxd3 Bd6 8.
Nbd2 Bxf4 9. exf4 O-O 10. Ne5 Nbd7 11. O-O Qb6 12. Rab1 c5 13. Ndf3 h6 14. f5
cxd4 15. Nxd7 Nxd7 16. fxe6 fxe6 17. Qxd4 Qd6 18. Rbe1 b6 19. Re2 Rac8 20. Rd1
Rf4 21. Qe3 e5 22. Nxe5 Rcf8 23. Nf3 g5 24. Rd4 R4f5 25. Qe6+ Qxe6 26. Rxe6 Nf6
27. Re5 Rxe5 28. Nxe5 Re8 29. Nd3 Re4 30. Rxe4 dxe4 31. Ne5 Kf8 32. h3 a6 33.
Kf1 Ke7 34. Ke2 Ke6 35. Nc4 b5 36. Nd2 Ke5 37. Nb3 Nd5 38. g3 Nb6 39. Nc5 a5
40. Nb7 Na4 41. Nxa5 Nxb2 42. Nc6+ Kd5 43. Nd4 Kc4 44. Kd2 1/2-1/2

[Event "C.to Europeo U18 femminile"]
[Site "Herceg Novi MNE"]
[Date "2006.09.13"]
[Round "4"]
[White "Carlsen, Ellen Oen"]
[Black "Di Cerbo, Giulia"]
[Result "0-1"]
[WhiteElo "1909"]
[BlackElo "1914"]
[PlyCount "64"]
[EventDate "2006.09.10"]

1. e4 e6 2. d4 d5 3. Nd2 dxe4 4. Nxe4 Bd7 5. Nf3 Bc6 6. Bd3 Nd7 7. O-O Ngf6 8.
Nxf6+ Nxf6 9. c3 Bd6 10. Bg5 h6 11. Bh4 b6 12. Qe2 O-O 13. Rae1 Bb7 14. Ne5 Be7
15. Ng6 Re8 16. Nxe7+ Qxe7 17. f4 Qd8 18. Bb1 Rc8 19. Qc2 c5 20. d5 Bxd5 21.
Rd1 Qe7 22. Rfe1 Rcd8 23. Re3 Ba8 24. Rde1 Qd6 25. Bxf6 gxf6 26. Qh7+ Kf8 27.
Qxh6+ Ke7 28. Qg7 Rg8 29. Rxe6+ Qxe6 30. Rxe6+ Kxe6 31. Qh7 Rxg2+ 32. Kf1 Rd1#
0-1

[Event "C.to Europeo U18 femminile"]
[Site "Herceg Novi MNE"]
[Date "2006.09.16"]
[Round "6"]
[White "Untila, Stela"]
[Black "Di Cerbo, Giulia"]
[Result "1-0"]
[WhiteElo "2045"]
[BlackElo "1914"]
[PlyCount "133"]
[EventDate "2006.09.10"]

1. c4 e6 2. e4 d5 3. exd5 exd5 4. cxd5 Qxd5 5. Nc3 Qd8 6. Bc4 Bc5 7. Nf3 Nf6 8.
O-O O-O 9. d4 Bb6 10. Bg5 Bg4 11. Nd5 Nbd7 12. h3 Bf5 13. Ne5 h6 14. Nxd7 hxg5
15. N5xf6+ gxf6 16. Nxf8 Kxf8 17. Qh5 Bg6 18. Qh6+ Ke7 19. Rfe1+ Kd6 20. h4 Qh8
21. hxg5 Qxh6 22. gxh6 Rh8 23. Rad1 Rxh6 24. g3 Bh5 25. Rd3 Bg6 26. Rf3 Bxd4
27. b4 Be5 28. Rfe3 Kc6 29. Rc1 Kb6 30. Kg2 Rh8 31. Rd1 Bd6 32. a3 Rg8 33. Rd5
a6 34. Bd3 Kc6 35. Bc4 Rg7 36. Rd4 Be5 37. Rd1 Bd6 38. Be2 Kb6 39. Bd3 f5 40.
Kf1 Bh5 41. Be2 Bg6 42. f4 Rh7 43. Bf3 Bh5 44. Bxh5 Rxh5 45. Kg2 Rh8 46. Rd5
Rh5 47. Rc3 Ka7 48. Rc1 Rh7 49. Rxf5 Kb8 50. Rh1 Rg7 51. Rh8+ Ka7 52. Kf3 Kb6
53. g4 Kc6 54. g5 Kd7 55. Rb8 Kc6 56. Rh8 Kd7 57. Kg4 Be7 58. Kh5 Ke6 59. Re5+
Kd7 60. Rxe7+ Kxe7 61. f5 f6 62. g6 Kd6 63. Kh6 Re7 64. g7 Rxg7 65. Kxg7 Ke5
66. Rf8 Kxf5 67. Rxf6+ 1-0

[Event "C.to Europeo U18 femminile"]
[Site "Herceg Novi MNE"]
[Date "2006.09.18"]
[Round "8"]
[White "Hairapetian, Anna"]
[Black "Di Cerbo, Giulia"]
[Result "1/2-1/2"]
[WhiteElo "2064"]
[BlackElo "1914"]
[PlyCount "47"]
[EventDate "2006.09.10"]

1. e4 e6 2. d4 d5 3. exd5 exd5 4. Bd3 Nf6 5. Bg5 Bd6 6. Nf3 Bg4 7. Qe2+ Be7 8.
Bxf6 gxf6 9. Nc3 c6 10. O-O Qd6 11. Rfe1 Nd7 12. Nd1 Bxf3 13. gxf3 Nf8 14. Ne3
Ne6 15. Nf5 Qc7 16. Nxe7 Kxe7 17. Bf5 Qd6 18. Rad1 Rae8 19. Bxe6 fxe6 20. Rd3
Kd7 21. Qe3 Rhg8+ 22. Kh1 Rg5 23. Rg1 Reg8 24. Rg3 1/2-1/2

[Event "C.to Europeo U18"]
[Site "Herceg Novi MNE"]
[Date "2006.09.10"]
[Round "1"]
[White "Karisik, Nenad"]
[Black "Vocaturo, Daniele"]
[Result "0-1"]
[WhiteElo "2142"]
[BlackElo "2410"]
[PlyCount "54"]
[EventDate "2006.09.10"]

1. e4 c5 2. Nf3 d6 3. d4 cxd4 4. Nxd4 Nf6 5. Nc3 a6 6. Be3 e5 7. Nb3 Be6 8. f3
Nbd7 9. Qd2 b5 10. g4 Nb6 11. Qf2 Nfd7 12. O-O-O Rc8 13. Kb1 Rxc3 14. bxc3 Qc7
15. Qe1 d5 16. f4 Bxg4 17. Be2 Bxe2 18. Qxe2 Na4 19. Bd2 Qxc3 20. Bxc3 Nxc3+
21. Kb2 Nxe2 22. fxe5 Bb4 23. Rxd5 Bc3+ 24. Kb1 Bxe5 25. Rd3 Ke7 26. Na5 Rc8
27. Rf1 f6 0-1

[Event "C.to Europeo U18"]
[Site "Herceg Novi MNE"]
[Date "2006.09.10"]
[Round "1"]
[White "Ronchetti, Niccolo'"]
[Black "Fowler, Simon A."]
[Result "0-1"]
[WhiteElo "2421"]
[BlackElo "2181"]
[PlyCount "96"]
[EventDate "2006.09.10"]

1. e4 e6 2. d4 d5 3. Nc3 Bb4 4. e5 Ne7 5. a3 Bxc3+ 6. bxc3 c5 7. Qg4 O-O 8. Bd3
f5 9. exf6 Rxf6 10. Bg5 Rf7 11. Qh5 g6 12. Qd1 Qa5 13. Bd2 Nbc6 14. Nf3 Qc7 15.
dxc5 e5 16. Be2 Bg4 17. O-O Bxf3 18. Bxf3 e4 19. Bg4 Nf5 20. Re1 h5 21. Bxf5
Rxf5 22. c4 Rd8 23. Qc1 Ne5 24. cxd5 Ng4 25. d6 Qxc5 26. Be3 Qxd6 27. g3 Ne5
28. Kg2 Nf3 29. Rh1 h4 30. g4 h3+ 31. Kxh3 Rf7 32. Kg2 Nh4+ 33. Kg1 Qf6 34. h3
Qf3 35. Qf1 Kh7 36. Bg5 Rfd7 37. Kh2 Rd1 38. Bxh4 Rxf1 39. Rhxf1 Rd2 40. Rae1
e3 41. c4 g5 42. Bg3 e2 43. Rg1 Rd1 44. c5 Kg8 45. h4 gxh4 46. Bxh4 Rd7 47. Rg3
Qxf2+ 48. Rg2 Qxh4+ 0-1

[Event "C.to Europeo U18"]
[Site "Herceg Novi MNE"]
[Date "2006.09.11"]
[Round "2"]
[White "Vocaturo, Daniele"]
[Black "Pancevski, Filip"]
[Result "1-0"]
[WhiteElo "2410"]
[BlackElo "2295"]
[PlyCount "39"]
[EventDate "2006.09.10"]

1. e4 e5 2. Nf3 Nc6 3. Bb5 a6 4. Ba4 Nf6 5. O-O Be7 6. Re1 b5 7. Bb3 d6 8. c3
Na5 9. Bc2 c5 10. d4 Qc7 11. a4 b4 12. cxb4 cxb4 13. Nbd2 O-O 14. b3 Nd7 15.
Bb2 Bf6 16. Rc1 Bb7 17. Nf1 exd4 18. e5 Bxf3 19. Qxf3 Nxe5 20. Bxh7+ 1-0

[Event "C.to Europeo U18"]
[Site "Herceg Novi MNE"]
[Date "2006.09.12"]
[Round "3"]
[White "Ronchetti, Niccolo'"]
[Black "Rojicek, Vojtech"]
[Result "0-1"]
[WhiteElo "2421"]
[BlackElo "2235"]
[PlyCount "98"]
[EventDate "2006.09.10"]

1. e4 c5 2. Nf3 d6 3. d4 cxd4 4. Nxd4 Nf6 5. Nc3 a6 6. Be3 e5 7. Nb3 Be6 8. f3
Be7 9. Qd2 O-O 10. O-O-O Nbd7 11. g4 b5 12. g5 b4 13. Ne2 Ne8 14. f4 a5 15. f5
a4 16. fxe6 axb3 17. cxb3 fxe6 18. Kb1 Rxa2 19. Bh3 Qa5 20. Bxe6+ Kh8 21. Qd5
Nc5 22. Bxc5 Nc7 23. Bxb4 Ra1+ 24. Kc2 Nxd5 25. Bxa5 Ne3+ 26. Kd2 Nxd1 27. h4
Rxa5 28. Rxd1 Rf3 29. Rc1 Ra8 30. Rg1 Re8 31. Bd5 Rh3 32. Rg4 Rxh4 33. Rg1 g6
34. b4 Rh5 35. b5 Bxg5+ 36. Kd3 Rh3+ 37. Kc4 Be3 38. Rf1 Rh2 39. Kd3 Rf2 40.
Ra1 Bb6 41. Rc1 Rf3+ 42. Kc4 g5 43. Bc6 Rd8 44. Kd5 g4 45. Rh1 Re3 46. Rh2 g3
47. Rg2 Rxe2 48. Rxe2 Bf2 49. b6 g2 0-1

[Event "C.to Europeo U18"]
[Site "Herceg Novi MNE"]
[Date "2006.09.12"]
[Round "3"]
[White "Wu, Li"]
[Black "Vocaturo, Daniele"]
[Result "0-1"]
[WhiteElo "2306"]
[BlackElo "2410"]
[PlyCount "114"]
[EventDate "2006.09.10"]

1. d4 Nf6 2. c4 c5 3. d5 e5 4. Nc3 d6 5. e4 Be7 6. Nf3 O-O 7. h3 Nbd7 8. g4 Ne8
9. Bd3 a6 10. Be3 g6 11. Qd2 Ng7 12. Bh6 Nf6 13. a4 Kh8 14. O-O-O Bd7 15. Rdg1
Qe8 16. a5 Bd8 17. Bg5 Ng8 18. Bh6 Bxa5 19. h4 Bxc3 20. bxc3 f6 21. Rg3 b5 22.
h5 g5 23. Bxg5 fxg5 24. h6 Ne6 25. dxe6 Bxe6 26. Qxg5 Qe7 27. Qg7+ Qxg7 28.
hxg7+ Kxg7 29. Ng5 Bc8 30. Nxh7 Rxf2 31. Ng5 Nf6 32. Nh3 Ra2 33. Kb1 Ra4 34.
Bc2 Rxc4 35. Nf2 b4 36. g5 Ne8 37. Ba4 bxc3 38. Bxe8 Be6 39. Bc6 c2+ 40. Kc1
Rb8 41. Kd2 c1=Q+ 42. Rxc1 Rb2+ 43. Kd1 Rxf2 44. Rxc4 Bxc4 45. Rc3 Bb5 46. Bxb5
axb5 47. Rd3 Rf4 48. Rxd6 Rxe4 49. Kc2 b4 50. Kb3 Re3+ 51. Ka4 Rc3 52. Re6 b3
53. Rxe5 c4 54. Ka3 Rc2 55. Re1 b2 56. Ka2 c3 57. Kb1 Rg2 0-1

[Event "C.to Europeo U18"]
[Site "Herceg Novi MNE"]
[Date "2006.09.13"]
[Round "4"]
[White "Lehmann, Andreas"]
[Black "Ronchetti, Niccolo'"]
[Result "0-1"]
[WhiteElo "2139"]
[BlackElo "2421"]
[PlyCount "62"]
[EventDate "2006.09.10"]

1. e4 c5 2. Nf3 Nc6 3. Bb5 e6 4. Bxc6 bxc6 5. O-O Ne7 6. b3 Ng6 7. Ba3 Be7 8.
c3 O-O 9. d4 cxd4 10. Bxe7 Qxe7 11. cxd4 c5 12. Nc3 Ba6 13. Re1 Rac8 14. Na4 d6
15. Qd2 cxd4 16. Nxd4 Qf6 17. Nf3 Nf4 18. Qxd6 Be2 19. Qe5 Bxf3 20. Qxf6 gxf6
21. gxf3 Rc2 22. Kf1 Rfc8 23. Re3 Kg7 24. b4 R8c4 25. a3 a5 26. Nc5 axb4 27.
Nd3 b3 28. Rb1 Nxd3 29. Rxd3 Rc1+ 30. Rd1 Rxd1+ 31. Rxd1 b2 0-1

[Event "C.to Europeo U18"]
[Site "Herceg Novi MNE"]
[Date "2006.09.13"]
[Round "4"]
[White "Vocaturo, Daniele"]
[Black "Nakhapetiane, Pogos"]
[Result "1/2-1/2"]
[WhiteElo "2410"]
[BlackElo "2418"]
[PlyCount "89"]
[EventDate "2006.09.10"]

1. e4 c5 2. Nf3 Nc6 3. d4 cxd4 4. Nxd4 Nf6 5. Nc3 e5 6. Ndb5 d6 7. Bg5 a6 8.
Na3 b5 9. Nd5 Be7 10. Bxf6 Bxf6 11. c3 Ne7 12. Nc2 Nxd5 13. Qxd5 Rb8 14. Nb4
O-O 15. Qd3 Qd7 16. Be2 Bg5 17. O-O Bb7 18. Rad1 Rfd8 19. Nd5 Qe6 20. g3 Rbc8
21. Qf3 g6 22. Qg4 Qxg4 23. Bxg4 Rc5 24. h4 Bxd5 25. Rxd5 Rxd5 26. exd5 Bh6 27.
Ra1 Rb8 28. Bd7 a5 29. Kf1 Kf8 30. a3 Ke7 31. Bc6 f5 32. Ke2 e4 33. b4 Bg7 34.
Kd2 a4 35. Ra2 Kd8 36. Rc2 Kc7 37. c4 Bd4 38. Ke1 bxc4 39. Rxc4 Bb2 40. Bxa4+
Kd8 41. Rc6 Ke7 42. Rc7+ Kf6 43. Bc6 Bxa3 44. b5 h5 45. Ke2 1/2-1/2

[Event "C.to Europeo U18"]
[Site "Herceg Novi MNE"]
[Date "2006.09.14"]
[Round "5"]
[White "Tukhaev, Adam"]
[Black "Vocaturo, Daniele"]
[Result "1/2-1/2"]
[WhiteElo "2459"]
[BlackElo "2410"]
[PlyCount "118"]
[EventDate "2006.09.10"]

1. e4 c5 2. Nf3 d6 3. d4 cxd4 4. Nxd4 Nf6 5. Nc3 g6 6. Be3 Bg7 7. f3 O-O 8. Qd2
Nc6 9. Bc4 Bd7 10. O-O-O Rc8 11. Bb3 Nxd4 12. Bxd4 b5 13. Nd5 Nxd5 14. Bxg7
Kxg7 15. exd5 a5 16. a3 b4 17. axb4 axb4 18. Qxb4 Kg8 19. Rhe1 Re8 20. Rd4 Rb8
21. Qc3 Qb6 22. Rde4 Bf5 23. Ra4 Rec8 24. Rc4 Qf2 25. g4 Ra8 26. Rxc8+ Rxc8 27.
Qe3 Rxc2+ 28. Kd1 Rxb2 29. Qxf2 Rxf2 30. gxf5 Rxf3 31. Bc2 Kf8 32. Ke2 Rh3 33.
Rh1 g5 34. f6 exf6 35. Bf5 Rh4 36. Ra1 Rxh2+ 37. Ke3 h5 38. Ra6 Ke7 39. Ra7+
Ke8 40. Rd7 g4 41. Rxd6 Rh3+ 42. Ke4 Rh1 43. Ra6 Re1+ 44. Kd4 Rf1 45. Ra8+ Ke7
46. Ra7+ Ke8 47. Bd7+ Kf8 48. d6 g3 49. Bc6 Rd1+ 50. Kc5 h4 51. d7 Ke7 52. Ra8
Rxd7 53. Bxd7 Kxd7 54. Rg8 f5 55. Kd4 f4 56. Ke4 h3 57. Kf3 h2 58. Rh8 Ke6 59.
Re8+ Kf5 1/2-1/2

[Event "C.to Europeo U18"]
[Site "Herceg Novi MNE"]
[Date "2006.09.17"]
[Round "7"]
[White "Ronchetti, Niccolo'"]
[Black "Papadopoulos, Ioannis K."]
[Result "1/2-1/2"]
[WhiteElo "2421"]
[BlackElo "2285"]
[PlyCount "100"]
[EventDate "2006.09.10"]

1. e4 c5 2. Nf3 Nc6 3. Bb5 g6 4. O-O Bg7 5. c3 Nf6 6. e5 Nd5 7. d4 cxd4 8. cxd4
O-O 9. Nc3 Nxc3 10. bxc3 d6 11. exd6 Qxd6 12. a4 a6 13. Ba3 Qc7 14. Bxc6 Qxc6
15. Bxe7 Re8 16. d5 Qxc3 17. Rc1 Qa5 18. Rc5 Qb4 19. Rxc8 Qxe7 20. d6 Qf6 21.
Rxa8 Rxa8 22. Qd5 Rd8 23. Rd1 h6 24. d7 Qc6 25. Qxc6 bxc6 26. Kf1 c5 27. Rd5
Kf8 28. Rxc5 Rxd7 29. Rc6 Ra7 30. Nd2 Ke8 31. Nc4 Kd7 32. Rd6+ Ke7 33. Rc6 Kd7
34. Rd6+ Ke7 35. Rb6 Kd7 36. Ke2 Rc7 37. Kd3 Rc6 38. Rb7+ Ke6 39. Ra7 Bf8 40.
f3 Bc5 41. Rxf7 Rc8 42. Rb7 Rd8+ 43. Kc2 Rd4 44. Nb2 Kf5 45. g3 Ba3 46. a5 Bxb2
47. Kxb2 Rd5 48. Rh7 h5 49. Rf7+ Ke6 50. Rf4 Rxa5 1/2-1/2

[Event "C.to Europeo U18"]
[Site "Herceg Novi MNE"]
[Date "2006.09.18"]
[Round "8"]
[White "Bogosavljevic, Boban"]
[Black "Ronchetti, Niccolo'"]
[Result "0-1"]
[WhiteElo "2302"]
[BlackElo "2421"]
[PlyCount "136"]
[EventDate "2006.09.10"]

1. Nf3 Nf6 2. c4 c5 3. g3 b6 4. Bg2 Bb7 5. O-O e6 6. Nc3 a6 7. Re1 Be7 8. e4 d6
9. d4 cxd4 10. Nxd4 Qc7 11. Be3 Nbd7 12. f4 O-O 13. Rc1 Rfe8 14. f5 Bf8 15.
fxe6 fxe6 16. Bh3 Nc5 17. b4 Ncxe4 18. Nxe4 Bxe4 19. Nxe6 Qd7 20. Bd4 Rxe6 21.
Bxf6 Bf5 22. Bxf5 Rxe1+ 23. Qxe1 Qxf5 24. Bd4 b5 25. Qf2 Qd3 26. c5 dxc5 27.
bxc5 Rc8 28. c6 Bd6 29. Qb2 Ba3 30. Qc3 Qxc3 31. Rxc3 Bb2 32. Rd3 Bxd4+ 33.
Rxd4 Rxc6 34. a4 bxa4 35. Rxa4 Rf6 36. Kg2 Kf7 37. h4 Ke7 38. Rg4 g6 39. Rb4
Kd6 40. Rb6+ Ke5 41. Rb7 h5 42. g4 Kd4 43. Rc7 hxg4 44. Kg3 Kd5 45. Kxg4 Rc6
46. Ra7 Kc5 47. Kf4 Re6 48. Rc7+ Kb4 49. Rb7+ Ka3 50. Rb1 a5 51. Ra1+ Kb4 52.
Rb1+ Kc3 53. Ra1 Ra6 54. Kg5 a4 55. Ra3+ Kb4 56. Ra1 a3 57. Rb1+ Kc3 58. Rc1+
Kb2 59. Rf1 a2 60. Rf2+ Kb3 61. Rf1 Kc4 62. Rc1+ Kd5 63. Ra1 Ke5 64. Re1+ Kd6
65. Ra1 Ke7 66. Kh6 Kf6 67. Rf1+ Ke5 68. Re1+ Kf4 0-1

[Event "C.to Europeo U18"]
[Site "Herceg Novi MNE"]
[Date "2006.09.18"]
[Round "8"]
[White "Vocaturo, Daniele"]
[Black "Jojua, Davit"]
[Result "1/2-1/2"]
[WhiteElo "2410"]
[BlackElo "2371"]
[PlyCount "53"]
[EventDate "2006.09.10"]

1. d4 Nf6 2. Nf3 g6 3. Nc3 d5 4. Bf4 Bg7 5. e3 O-O 6. Be2 c5 7. O-O cxd4 8.
exd4 Nc6 9. Ne5 e6 10. Nxc6 bxc6 11. Na4 Nd7 12. c3 a5 13. Re1 Ba6 14. Qb3 Bxe2
15. Rxe2 Re8 16. Rae1 Qc8 17. Bd6 Bf8 18. Qa3 Rb8 19. Re3 Bxd6 20. Qxd6 Nb6 21.
Nxb6 Rxb6 22. b3 Qb8 23. Qc5 a4 24. bxa4 Qb7 25. h4 Ra6 26. h5 Qe7 27. hxg6
1/2-1/2

[Event "C.to Europeo U18"]
[Site "Herceg Novi MNE"]
[Date "2006.09.19"]
[Round "9"]
[White "Dourerassou, Jonathan"]
[Black "Vocaturo, Daniele"]
[Result "1-0"]
[WhiteElo "2336"]
[BlackElo "2410"]
[PlyCount "101"]
[EventDate "2006.09.10"]

1. e4 c5 2. Nf3 d6 3. d4 cxd4 4. Nxd4 Nf6 5. Nc3 g6 6. Be3 Bg7 7. f3 O-O 8. Qd2
Nc6 9. O-O-O d5 10. exd5 Nxd5 11. Nxc6 bxc6 12. Bd4 e5 13. Bc5 Re8 14. Ne4 Qc7
15. Bc4 Rd8 16. h4 f5 17. Nc3 Be6 18. h5 Qa5 19. Ba3 Nf4 20. Bxe6+ Nxe6 21. Qe2
Rxd1+ 22. Rxd1 Rd8 23. Bd6 Kf7 24. hxg6+ hxg6 25. g4 Rd7 26. gxf5 gxf5 27. Qd3
e4 28. fxe4 Bxc3 29. bxc3 Qxa2 30. e5 Ng7 31. Re1 Qe6 32. Rg1 Qh6+ 33. Kb2 Rb7+
34. Ka3 Qe6 35. Qa6 Rd7 36. Qxc6 Ne8 37. Rd1 Rd8 38. Qb7+ Rd7 39. Qb4 a5 40.
Qb8 Qc4 41. Kb2 a4 42. Rd4 a3+ 43. Bxa3 Rxd4 44. Qa7+ Nc7 45. cxd4 Qb5+ 46. Kc3
Qd7 47. Kd2 Qc6 48. Bd6 Qg2+ 49. Kc1 Qf1+ 50. Kb2 Qb5+ 51. Ka3 1-0

[Event "C.to Europeo U18"]
[Site "Herceg Novi MNE"]
[Date "2006.09.19"]
[Round "9"]
[White "Ronchetti, Niccolo'"]
[Black "Bitalzadeh, Ali"]
[Result "1/2-1/2"]
[WhiteElo "2421"]
[BlackElo "2339"]
[PlyCount "75"]
[EventDate "2006.09.10"]

1. e4 c6 2. d4 d5 3. e5 Bf5 4. Nc3 e6 5. g4 Bg6 6. Nge2 Bb4 7. Nf4 c5 8. Bd2
Nc6 9. Nb5 Bxd2+ 10. Qxd2 cxd4 11. O-O-O Nge7 12. Nd6+ Kf8 13. Nxg6+ Nxg6 14.
f4 h5 15. Bd3 hxg4 16. Bxg6 fxg6 17. Qd3 Rh6 18. Rdg1 Qh4 19. Qb5 Rb8 20. Qc5
Kg8 21. Nxb7 Rxb7 22. Qxc6 Qe7 23. Kb1 Rh3 24. Rxg4 Rc3 25. Qa4 d3 26. cxd3
Rxd3 27. Qc2 Qb4 28. Rc1 Kf7 29. Rg3 Rxg3 30. hxg3 a5 31. Qc3 Qb6 32. Qc2 a4
33. a3 Qb5 34. Rd1 Qb6 35. Rc1 Qb5 36. Rd1 Qb6 37. Rc1 Qb5 38. Rd1 1/2-1/2

[Event "C.to Europeo U16 femminile"]
[Site "Herceg Novi MNE"]
[Date "2006.09.10"]
[Round "1"]
[White "Ivanova, Daria"]
[Black "Tonel, Giulia"]
[Result "1-0"]
[WhiteElo "2101"]
[BlackElo "1905"]
[PlyCount "85"]
[EventDate "2006.09.10"]

1. e4 e5 2. Nf3 Nc6 3. Bb5 a6 4. Ba4 Nf6 5. O-O Be7 6. Re1 b5 7. Bb3 d6 8. h3
O-O 9. c3 h6 10. d4 Bb7 11. Bc2 Re8 12. d5 Nb8 13. b3 Nbd7 14. Nbd2 c6 15. c4
Rc8 16. Nf1 Bf8 17. Ne3 g6 18. Nd2 Bg7 19. a4 Qc7 20. Ra2 Kh7 21. Ba3 cxd5 22.
cxd5 Qb6 23. axb5 axb5 24. Bb4 Ra8 25. Ra1 Nc5 26. Ng4 Ng8 27. Qe2 Ne7 28. Qe3
f5 29. Bxc5 dxc5 30. Rxa8 Bxa8 31. exf5 Nxd5 32. fxg6+ Kh8 33. Qg3 Nf4 34. Nf3
Bxf3 35. Qxf3 Nxg6 36. Qf7 Re6 37. Bf5 Rd6 38. Qe8+ Kh7 39. h4 h5 40. Nxe5 Bxe5
41. Rxe5 Kh6 42. Bxg6 Rxg6 43. Qh8# 1-0

[Event "C.to Europeo U16 femminile"]
[Site "Herceg Novi MNE"]
[Date "2006.09.11"]
[Round "2"]
[White "Avdeyeva, Viktoriya"]
[Black "Tonel, Giulia"]
[Result "1-0"]
[WhiteElo "2073"]
[BlackElo "1905"]
[PlyCount "47"]
[EventDate "2006.09.10"]

1. e4 e5 2. f4 exf4 3. Nf3 d5 4. exd5 Nf6 5. Bb5+ c6 6. dxc6 bxc6 7. Bc4 Nbd7
8. O-O Nb6 9. Bb3 Nbd5 10. c4 Ne7 11. d4 Ng6 12. d5 cxd5 13. cxd5 Bc5+ 14. Kh1
Ne7 15. Re1 Kf8 16. Bxf4 Nexd5 17. Nc3 Bb7 18. Nxd5 Bxd5 19. Re5 Bxf3 20. Qxf3
Rc8 21. Rd1 Qb6 22. Rxc5 Rxc5 23. Bd6+ Kg8 24. Bxc5 1-0

[Event "C.to Europeo U16 femminile"]
[Site "Herceg Novi MNE"]
[Date "2006.09.13"]
[Round "4"]
[White "Tonel, Giulia"]
[Black "Paulauskaite, Gintare"]
[Result "0-1"]
[WhiteElo "1905"]
[BlackElo "1960"]
[PlyCount "34"]
[EventDate "2006.09.10"]

1. e4 c5 2. Nf3 d6 3. d4 cxd4 4. Qxd4 Nc6 5. Bb5 Bd7 6. Bxc6 Bxc6 7. Nc3 Nf6 8.
Bg5 e6 9. O-O-O h6 10. Bxf6 Qxf6 11. e5 Qf5 12. exd6 Rd8 13. Qxa7 Bxd6 14. Nd4
Qg5+ 15. Kb1 Bc5 16. Nxc6 Rxd1+ 17. Rxd1 Bxa7 0-1

[Event "C.to Europeo U16 femminile"]
[Site "Herceg Novi MNE"]
[Date "2006.09.16"]
[Round "6"]
[White "Tonel, Giulia"]
[Black "Officer, Amy"]
[Result "0-1"]
[WhiteElo "1905"]
[BlackElo "1853"]
[PlyCount "94"]
[EventDate "2006.09.10"]

1. e4 c5 2. Nf3 e6 3. c3 Nf6 4. e5 Nd5 5. d4 cxd4 6. cxd4 Nc6 7. Nc3 Nxc3 8.
bxc3 d6 9. Bd3 Qa5 10. Bd2 dxe5 11. O-O exd4 12. cxd4 Bb4 13. Bf4 h6 14. Be4
O-O 15. Rc1 Ne7 16. Qb3 Qa3 17. Qc4 Bd6 18. Rc3 Qb4 19. Qxb4 Bxb4 20. Rb3 Ba5
21. Bd6 Re8 22. Bxb7 Bxb7 23. Rxb7 Nc6 24. Ne5 Nxe5 25. dxe5 Rec8 26. a3 Bb6
27. g4 Rc2 28. Kg2 Rd2 29. Kg3 Rc8 30. Bb4 Re2 31. f4 Rcc2 32. f5 exf5 33. Rxf5
Re3+ 34. Rf3 Rxf3+ 35. Kxf3 Rxh2 36. Bd6 Rh3+ 37. Kg2 Rb3 38. Bc5 Rb5 39. Bd4
Rd5 40. Bxb6 axb6 41. Rxb6 Rxe5 42. Ra6 Re3 43. Ra8+ Kh7 44. a4 f6 45. a5 Kg6
46. a6 Ra3 47. a7 Kg5 0-1

[Event "C.to Europeo U16 femminile"]
[Site "Herceg Novi MNE"]
[Date "2006.09.18"]
[Round "8"]
[White "Botezatu, Mirela"]
[Black "Tonel, Giulia"]
[Result "1/2-1/2"]
[WhiteElo "1914"]
[BlackElo "1905"]
[PlyCount "68"]
[EventDate "2006.09.10"]

1. e4 e5 2. Nf3 Nc6 3. d4 exd4 4. c3 d5 5. Bb5 dxe4 6. Nxd4 Bd7 7. Nxc6 bxc6 8.
Bc4 Nf6 9. Bg5 Be7 10. O-O O-O 11. Re1 Bf5 12. Nd2 Bc5 13. Bxf6 Qxf6 14. Nxe4
Bxe4 15. Rxe4 Qxf2+ 16. Kh1 Qxb2 17. Rb1 Qxc3 18. Rb3 Rad8 19. Qf1 Qc2 20. Re1
Rd2 21. Rf3 Rf2 22. Rxf2 Qxf2 23. Qxf2 Bxf2 24. Re7 Bb6 25. g3 g6 26. Kg2 Kg7
27. Bb3 Kf6 28. Rd7 h5 29. h4 g5 30. hxg5+ Kxg5 31. Rxf7 Rd8 32. Rg7+ Kf6 33.
Rf7+ Kg6 34. Rf4 Rd2+ 1/2-1/2